Yoda Slogans Quiz Stats

 Plays Quiz Updated Sep 30, 2017

Score 0/16 Timer 05:00
1 Play Today
% Correct
BMW
93.1%
KFC
92.4%
McDonald's
91.3%
Count Chocula
90%
Maybelline
89.6%
M&M's
89.4%
British Telecom
87.4%
Sporcle
82.9%
% Correct
Lay's Potato Chips
82.2%
Coca-Cola
76.9%
Heinz
76.8%
De Beers
73.8%
Exxon
67.8%
Dunkin' Donuts
62.9%
Specsavers
57.1%
Shell
50.8%

You're not logged in!

Compare scores with friends on all Sporcle quizzes.
OR
Log In

You Might Also Like...

Show Comments

Extras

Top Quizzes Today


Score Distribution

Your Account Isn't Verified!

In order to create a playlist on Sporcle, you need to verify the email address you used during registration. Go to your Sporcle Settings to finish the process.

Report this User

Report this user for behavior that violates our Community Guidelines.

Details: